Kürt tarihi ve siyasetinden portreler / $c (Record no. 14793)

MARC details
000 -BAŞLIK
Sabit Uzunlukta Kontrol Alanı 00840nam a22002417a 4500
999 ## - SİSTEM KONTROL NUMARALARI (KOHA)
Koha Biblionumber 14793
Koha Biblioitemnumber 14793
003 - KONTROL NUMARASI IDENTIFIER
Denetim Alanı MIRAKIL
005 - SON İŞLEM TARİHİ VE ZAMANI
Denetim Alanı 20220201164249.0
008 - SABİT-BOY VERİ ELEMANLARI - GENEL BİLGİLER
Sabit Uzunlukta Kontrol Alanı 220201b tu ||||| |||| 00| 0 tur d
020 ## - ULUSLARARASI STANDART KİTAP NUMARASI
Uluslararası Standart Kitap Numarası 9789750527692
040 ## - KATALOGLAMA KAYNAK
Orijinal Kataloglama Ajansı TR-AnCHP
Kataloglama Dili tur
Metne Dönüştürmek Ajansı TR-AnCHP
041 ## - DİL KODU
Metin / Ses Parça Veya Ayrı Başlığın Dil Kodu tur
082 ## - DEWEY ONLU SINIFLANDIRMA NUMARASI
Sınıflandırma Numarası 323.119159
Ürün Numarası K96 2018
245 ## - BAŞLIK TABLOSU
Başlık Kürt tarihi ve siyasetinden portreler / $c
Sorumluluk Tablosu, Vb derleyenler: Yalçın Çakmak, Tuncay Şur.
260 ## - YAYIN, DAĞITIM, VB
Yayın, Dağıtım, Vb Yeri İstanbul :
Yayıncı, Dağıtıcı, Vs Adı İletişim yayınları,
Yayın, Dağıtım, Vb Tarihi 2018.
300 ## - FİZİKSEL TANIM
Kapsam 447 s.:
Diğer Fiziksel Ayrıntıları res.;
Boyutlar 21 sm.
490 0# - SERİSİ TABLOSU
Seri Beyanı İletişim Yayınları ;
-- Araştırma inceleme ;
Hacim / Ardışık Tanımı 2696.
-- 443.
504 ## - KAYNAKÇA VB NOT
Kaynakça Vb Notu Kaynakça bölüm sonlarındadır.
650 #0 - KONU KATMA GİRİŞ - TOPİKAL DÖNEM
Topikal Süreli Veya Coğrafi Ad Giriş Elemanı Türkiye
9 (RLIN) 4
Genel Alt Bölümü Siyaset ve yönetim
-- Kürtler
650 #0 - KONU KATMA GİRİŞ - TOPİKAL DÖNEM
Topikal Süreli Veya Coğrafi Ad Giriş Elemanı Kürtler
Genel Alt Bölümü Tarih
Coğrafi Alt Bölümü Türkiye
9 (RLIN) 5116
700 ## - KATMA GİRİŞ - KİŞİSEL İSİM
9 (RLIN) 6968
Kişisel Ad Şur, Tuncay
Relator Terim der.
700 ## - KATMA GİRİŞ - KİŞİSEL İSİM
9 (RLIN) 6969
Kişisel Ad Çakmak, Yalçın
Relator Terim der.
942 ## - EKLENDİ GİRİŞ ELEMANLARI (KOHA)
Sınıflandırma Veya Raf Düzeni Kaynak Dewey Decimal Classification
Koha Öğesi Türü Books
Holdings
Kalıcı Konum Mevcut Konum Edinme Tarihi Toplam Check-Out'Lar Tam Çağrı Numarası Barkod Tarih Son Görülme İtibaren Geçerli Fiyatlar Koha Öğesi Türü
CHP Kütüphanesi CHP Kütüphanesi 02/01/2022   323.119159 K96 2018 020289 02/01/2022 02/01/2022 Books